|
|
|
|
| LEADER |
00000cam a2200000 i 4500 |
| 001 |
1/29597 |
| 008 |
960711s1990 eng d |
| 020 |
|
|
|a 0672273349
|
| 035 |
|
|
|l 10023250
|
| 040 |
|
|
|a GR-MY-UA
|b gre
|e aacr
|
| 041 |
0 |
|
|a eng
|
| 082 |
0 |
|
|a 005.43
|
| 100 |
1 |
|
|a Nimersheim, Jack.
|
| 245 |
1 |
4 |
|a The first book of Microsoft Windows 3.0 /
|c Jack Nimersheim
|
| 246 |
3 |
3 |
|a Microsoft Windows 3.0
|
| 260 |
|
|
|a Carmel, IN :
|b Sams,
|c c1990
|
| 300 |
|
|
|a xiv, 304 p.;
|b col. ill.;
|c 23 cm
|
| 500 |
|
|
|a Includes index
|
| 650 |
0 |
0 |
|a Windows (Computer programs)
|
| 852 |
|
|
|a INST
|b CHIOS
|e 19960711
|h 005.43 NIM
|p 005200002374
|q 005200002374
|t BK
|y 620
|
| 909 |
|
|
|a Χ
|b 032288
|